Short commentary on Aristotle's Prior analytics / (Record no. 30835)
[ view plain ]
| 000 -LEADER | |
|---|---|
| fixed length control field | 00812cam a22002651 4500 |
| 001 - CONTROL NUMBER | |
| control field | 30835 |
| 003 - CONTROL NUMBER IDENTIFIER | |
| rucl marc code | BD-RjUL |
| 005 - DATE AND TIME OF LATEST TRANSACTION | |
| control field | 20211209051625.0 |
| 008 - FIXED-LENGTH DATA ELEMENTS--GENERAL INFORMATION | |
| fixed length control field | 140412s1963 pau 000 0 eng d |
| 035 ## - SYSTEM CONTROL NUMBER | |
| System control number | (BD-RjUL)30922 |
| System control number | (OCoLC)718316 |
| 040 ## - CATALOGING SOURCE | |
| Original cataloging agency | DLC |
| Transcribing agency | OTU |
| Modifying agency | DCHS |
| -- | DLC |
| -- | BD-RjUL |
| Language of cataloging | eng |
| 041 1# - LANGUAGE CODE | |
| Language code of text/sound track or separate title | eng |
| Language code of original | ara |
| 082 00 - DEWEY DECIMAL CLASSIFICATION NUMBER | |
| Classification number | 185 |
| Author mark and year | ALS 1963 |
| 100 0# - MAIN ENTRY--PERSONAL NAME | |
| Personal name | Al-Fārābī. |
| 9 (RLIN) | 93654 |
| 245 00 - TITLE STATEMENT | |
| Title | Short commentary on Aristotle's Prior analytics / |
| Statement of responsibility, etc. | Translated from the original Arabic with introd. and notes by Nicholas Rescher. |
| 260 ## - PUBLICATION, DISTRIBUTION, ETC. (IMPRINT) | |
| Place of publication, distribution, etc. | Pittsburgh : |
| Name of publisher, distributor, etc. | University of Pittsburgh Press, |
| Date of publication, distribution, etc. | 1963. |
| 300 ## - PHYSICAL DESCRIPTION | |
| Pagination | 132 p. ; |
| Size | 20 cm. |
| 600 00 - SUBJECT ADDED ENTRY--PERSONAL NAME | |
| Personal name | Aristotle. |
| 650 #0 - SUBJECT ADDED ENTRY--TOPICAL TERM | |
| Topical term or geographic name as entry element | Logic. |
| 9 (RLIN) | 93656 |
| 700 1# - ADDED ENTRY--PERSONAL NAME | |
| Personal name | Rescher, Nicholas. |
| 942 ## - ADDED ENTRY ELEMENTS (KOHA) | |
| Source of classification or shelving scheme | Dewey Decimal Classification |
| Koha item type | Books |
| Lost status | Source of classification or shelving scheme | Damaged status | Not for loan | Collection code | Permanent Location | Current Location | Shelving location | Date acquired | Source of acquisition | Cost, normal purchase price | Total Checkouts | Full call number | Date last seen | Copy number | Koha item type |
|---|---|---|---|---|---|---|---|---|---|---|---|---|---|---|---|
| Dewey Decimal Classification | Not For Loan | Non-fiction | Central Library, University of Rajshahi | Central Library, University of Rajshahi | Reading Room | 28/02/1967 | Shamsun Nahar | 15.00 | 185 ALS 1963 | 12/04/2014 | C-1 | Books |